00877cam a2200205 a 450000100030000000300100000300500170001300800410003002000180007104000250008908000180011410000310013224503140016326000380047730000270051550400250054265000420056765000320060965000300064158BR-CuiBMT20231026214028.0230808s2018 mgba 000 0 por d a9788545005322 aBR-CuiBMTcBR-CuiBMT 22007a351.7121 aValle, Vivian Lima López10aContratos administrativos e um novo regime jurídico de prerrogativas contratuais na administração pública contemporânea :bda unilateralidade ao consenso e do consenso à unilateralidade na relação contratual administrativa /cVivian Lima López Valle ; prefácio Romeu Felipe Bacellar Filho. aBelo Horizonte :bFórum,c2018. a288 p. :bil. ;c22 cm aInclui bibliografia. aRelação contratual administrativa aAdministração pública aContratos administrativos